|
|
|
|
| LEADER |
00000naa a2200000uu 4500 |
| 001 |
vtls011067270 |
| 003 |
SK-MaSNL |
| 005 |
20260302134918.0 |
| 008 |
210908|2009 xo |||||||||||||||||slo| |
| 015 |
|
|
|a SNBRA
|
| 035 |
|
|
|a (urnnbn)urn:nbn:sk:snk:ar-a0c7l1
|
| 035 |
|
|
|a (uuid)b9eca4bc-3421-4bf7-8186-12eb57d8cdd8
|
| 035 |
|
|
|a urn:nbn:sk:snk-aavdzb
|
| 040 |
|
|
|a SNKBUCL
|b slo
|c SNKBUCL
|e AACR2
|
| 041 |
0 |
|
|a slo
|
| 044 |
|
|
|a xo
|c SK
|
| 100 |
1 |
|
|a Vranay, František,
|d 1966-
|4 aut
|9 219813
|
| 245 |
1 |
0 |
|a ZÁSADY NÁVRHU PRVKOV SYSTÉMU VYKUROVANIA S TEPELNÝM ČERPADLOM
|c František VRANAY, Marcel BEHÚN
|
| 700 |
1 |
|
|a Behún, Marcel,
|d 1977-
|4 aut
|9 117591
|
| 773 |
0 |
|
|t Vykurovanie 2009
|d Bratislava : Slovenská spoločnosť pre techniku prostredia, 2009, 2009
|g S. 409-412
|z 9788089216277
|
| 958 |
|
|
|a OND
|
| 958 |
|
|
|a article12
|
| 958 |
|
|
|a chapter
|
| 999 |
|
|
|c 1324809
|d 1326739
|